000
00196 a2200097 4500
001
18656
100
_a
Saeed
245
_a
Dastan-e-Karbala
260
_a
_b
Nafees Academ
_c
090
_c
13880
_d
13880
942
_a
NUST-CAE
_c
M
_c
4314
999
_c
253729
_d
253729